| 000 | 00767cam a2200265ua 4500 | ||
|---|---|---|---|
| 001 | 4449005 | ||
| 003 | ARRUPE | ||
| 005 | 20140203134010.0 | ||
| 008 | 850621s1985 enk b 000 0 eng d | ||
| 035 | _a(OCoLC)12501111 | ||
| 035 | _a(OCoLC)ocm12501111 | ||
| 035 | _a(NNC)4449005 | ||
| 040 |
_aNjPT _cNjPT _dNNUT |
||
| 090 |
_aBX9 _b.C68 1985 |
||
| 100 | 1 |
_aCoventry, John. _97727 |
|
| 245 | 1 | 0 |
_aReconciling / _cJohn Coventry. |
| 260 |
_aLondon : _bSCM Press, _c1985. |
||
| 300 |
_aviii, 136 p. ; _c22 cm. |
||
| 504 | _aIncludes bibliographical references. | ||
| 650 | 0 |
_aReconciliation _xReligious aspects _xChristianity. _97728 |
|
| 650 | 0 |
_aTheology, Doctrinal. _97729 |
|
| 650 | 0 |
_aChurch _xCatholicity. _97730 |
|
| 942 |
_2lcc _cMONOGRAPH |
||
| 999 |
_c119885 _d119885 |
||